Crack the Text Code! (LINGO2) - Statistics

General Stats
  • This quiz has been taken 30 times
  • The average score is 36 of 100
Answer Stats
Hint Answer % Correct
answer answer
100%
ant ant
81%
anthem | ant ant
81%
copy copy
81%
anthem | slants ant
74%
inside | thing in
74%
madder | sadder | gladder adder
59%
shared | reduction red
56%
take take
56%
taken- take
56%
here there is | but there not there
52%
dash- ash
48%
(where | there)- her
48%
remove-- move
48%
swap% paws
48%
word word
48%
drow% word
48%
what--- a
44%
com + pound compound
44%
sole% lose
44%
swan% + er answer
41%
(staff | tariff)-% fat
41%
la- + map% lamp
41%
ma + (this | that)- mat
41%
me + urge- merge
41%
(nautical | nutrient)- nut
41%
thin | stink tin
41%
aces** access
37%
answer-### an
37%
answer-' answers
37%
ant ant
37%
anthem >|' hemisphere ant
37%
table---% at
37%
ban ban
37%
unban-# ban
37%
banner-## ban
37%
hem hem
37%
anthem |' ant hem
37%
latter latter
37%
later* latter
37%
least least
37%
stale>%lea least
37%
meal |' let mat
37%
pop |' pen open
37%
pal- + (real | teal | beat) + ruse% pleasure
37%
pose* posse
37%
think >|' blocked thin
37%
lot*% tool
37%
answer-##- | awesome | wheels we
37%
naan*'*' an
33%
chose >'|' chart art
33%
factuals--' factuals
33%
mama mama
33%
[ma]* mama
33%
oral oral
33%
{normal}-- oral
33%
stale>%late slate
33%
stale>%%staple- stale
33%
stale>%sell- steal
33%
naan*'#*' a
30%
-' a
30%
as*###-' assess
30%
a[s]*e[s]* assess
30%
ack*-'* attack
30%
lack>^'blackjack | bookcase% back
30%
disappear^'app^'is dear
30%
ding^en ending
30%
(eon^very)-' everyone
30%
hole^'ol he
30%
ma* + ma- maam
30%
trot*' rot
30%
switch-^and sandwich
30%
sing- sin
30%
s[ing]* singing
30%
starting starting
30%
sting^art starting
30%
[st]*ar% starts
30%
pin>^gag gaping
26%
hearing >|' (regain >|' pen) hen
26%
(redesign | integer | ignorant)% ring
26%
redesign | signals | integers% sign
26%
([st]* + ar)% starts
26%
bo^#ing boinging
22%
h(e{ar)-ing}* herring
22%
sing% sign
22%
sing*% sings
22%
nears-'>%awe answer
19%
(again*' + {again | again}*'-)% gaining
19%
grant->%grass-# gran
19%
hare% + fleet*'% + (trash | tonsil) heartfelts
19%
[hea]-{ring}- rig
19%
[sing]*% signings
19%
grant-%+o tango
19%
(newspapers >|' stepping)% answer
15%
(them>^ans | administration)-# ant
15%
apple--'>|'mechs apply
15%
({war}*ens-# + steak >|' {best^known})% answer
11%
{(he)-aring}* earring
11%
([trod]* |' error*')% dotted
7%
({balloon |' [off-]*} |' all + lingo-)*' baffling
4%
No matching quizzes found
Score Distribution
Percent of People with Each Score
Percentile by Number Answered
Your Score History
You have not taken this quiz